000 00435nam a2200169Ia 4500
001 11512
005 20260306162833.0
008 260306t9999||||xx |||||||||||||| ||spa||
041 _aESP
082 _a985.0632
_bI59
100 _aBustamante y Rivero, José Luis (1894-1989)
_eAUT
245 0 _aEl mensaje cívico de José Luis Bustamante y Rivero
300 _a
_c
650 _aGEN
654 _aCHU
942 _cLIB
_dJUS
_fJUS
_2ddc
_n
999 _c11512
_d11512